ბათუმის შოთა რუსთაველის სახელმწიფო უნივერსიტეტის ბიბლიოთეკა

აგრობიზნესის საფუძვლები : დამხმ. სახელმძღვანელო მომავალი ფერმერებისათვის : (ბიბ.ჩანაწერი № 56570)

000 -ლიდერი
ფიქსირებული სიგრძის საკონტროლო ველი 01710nam a2200253Ia 4500
001 - საკონტროლო ნომერი
საკონტროლო ველი 23684
003 - საკონტროლო ნომრის იდენტიფიკატორი
საკონტროლო ველი GE_BSU
005 - ბოლო ოპერაციის თარიღი და დრო
საკონტროლო ველი 20260313171110.0
008 - ფიქსირებული სიგრძის მონაცემთა ელემენტები - ზოგადი ინფორმაცია
ფიქსირებული სიგრძის საკონტროლო ველი 181216s2007||||ge |||||||||||||| ||geo||
040 ## - კატალოგიზაციის წყარო
Transcribing agency GE_BSU
041 ## - ენის კოდი
Language code of text/sound track or separate title geo
080 ## - უნივერსალური ათობითი კლასიფიკაციის ინდექსი
Universal Decimal Classification number 63+338 ა-25
245 ## - ცნობა სათაურის შესახებ
Title აგრობიზნესის საფუძვლები : დამხმ. სახელმძღვანელო მომავალი ფერმერებისათვის :
Remainder of title [კრებული] /
Statement of responsibility, etc ავტორები : ედვარდ ფლასტერი, რეი ჰერენი, ჯეიმს ჯილეფსი, კლიფ რიკეტსი, ომრი როულინსი.
260 ## - გამოქვეყნების, გავრცელების, და სხვა. ცნობები
Place of publication, distribution, etc თბილისი
260 ## - გამოქვეყნების, გავრცელების, და სხვა. ცნობები
Date of publication, distribution, etc 2007
300 ## - ფიზიკური აღწერა
Extent 207 გვ. 29 სმ. ცხრ. ილ.
500 ## - ზოგადი შენიშვნა
General note მასალა მომზადებულია საქ. საზ. საქმეთა ინ-ტის ს/მ განვითარების პროგრამის და ჯორჯიის უნ-ტის მიერ. დააფინანსა ამერიკის ს/მ დეპარტამენტმა
500 ## - ზოგადი შენიშვნა
General note წიგნის გამოც. დააფინანსა ამერიკის სოფლის მეურნ. დეპ-მა
500 ## - ზოგადი შენიშვნა
General note ლექსიკონი : გვ. 205-207
653 ## - INDEX TERM--UNCONTROLLED
Uncontrolled term აგრობიზნესის საფუძვლები
653 ## - INDEX TERM--UNCONTROLLED
Uncontrolled term დამხმარე სახელმძღვანელო მომავალი ფერმერებისათვის
942 ## - ADDED ENTRY ELEMENTS (KOHA)
Koha item type წიგნი
Source of classification or shelving scheme
ეგზემპლარები
ჩამოწერის სტატუსი დაკარგული ეგზემპლარის სტატუსი კლასიფიკაციის წყარო ან თაროზე გაწყობის სქემა დაზიანების სტატუსი არ გაიცემა მუდმივი მდებარეობა (დაცვის ადგილი) ამჟამინდელი ადგილსამყოფელი თაროზე განთავსების ადგილი შეძენის თარიღი ღირებულება, შესყიდვის ნორმალური ფასი სრული შენახვის შიფრი შტრიხკოდი ბოლო ოპერაციის თარიღი ეგზემპლარის მიმდევრობითი ნომერი (კეტერი?) ფასის ძალაში შესვლის თარიღი ეგზემპლარის სახეობა საჯარო შენიშვნა
          აგრარული და მემბრანული ტექნოლოგიების ინსტიტუტის ბიბლიოთეკა აგრარული და მემბრანული ტექნოლოგიების ინსტიტუტის ბიბლიოთეკა წიგნსაცავი 2018-12-17 10.00 63+338 ა-25 28505 2018-12-17 28505 2018-12-17 წიგნი 10.00 ₾.